000 01392cam a22003497a 4500
003 CHAP
005 20220329142021.0
008 990226d1998 mx b r 00110 spa d
010 _a77118
011 _a78090
035 _a87920
040 _cCHAP
090 _aTesis
100 0 0 _aRamírez Alvarado, Edgar Luis.
_993864
245 1 0 _aPronósticos de precios en base a la serie de tiempo (1966-1997) del precio internacional del café (suaves y robusta) con la técnica de promedios móviles
_c/por Edgar Luis Ramírez Alvarado y Jesús Pérez Calderón
260 _aChapingo, Méx. :
_bEl autor,
_c1998.
300 _a86 p. :
_bcuadros ; gráps. ; mapas
502 _aTesis (Ing. Agr. Esp. en Economía Agrícola) -- UACH. División de Ciencias Económico Administrativas
590 _aALEPH
_b10
_c20130110
_lUCH01
_h1427
590 _aBATCH-UPD
_b10
_c20130110
_lUCH01
_h0646
590 _aBATCH-UPD
_b10
_c20130410
_lUCH01
_h0330
590 _aBATCH-UPD
_b10
_c20130914
_lUCH01
_h0811
590 _aCONVERSION
_b10
_c20130109
_lUCH01
_h1342
650 1 4 _aCafé
_xPrecios.
_917187
700 0 _aPérez Calderón, Jesús.
_989552
901 _aBK
905 _aAlejandra Carrasco M.
942 _cFOLL
949 _bBC
_cLIBRO
_d879201
_eTS1
_h33444
_i87920
_sb
949 _bBC
_cTES
_d33724000710828
_eTS2
_fc.2
_h33445
_i87920
_sb
949 _bBC
_cTES
_d33724000758694
_eTS2
_fc.3
_h35514
_i87920
_sb
999 _c77118
_d77118